000
00322nam a22001457a 4500
008
210429b ||||| |||| 00| 0 eng d
020
_a
9781586482312
041
_a
eng
080
_a
070
082
_a
070
100
_a
38
101
_a
MED
245
_a
Never Coming to a theater near you
_c
Turan,K
942
_2
udc
_c
BK
999
_c
56966
_d
56966